<?xml version="1.0" encoding="UTF-8"?>
<collection xmlns="http://www.loc.gov/MARC21/slim">
  <record>
    <leader>00000nam  2200000   4500</leader>
    <controlfield tag="001">INLIS000000000048248</controlfield>
    <controlfield tag="005">20180312093137</controlfield>
    <datafield tag="035" ind1="#" ind2="#">
      <subfield code="a">0010-101600000000006</subfield>
    </datafield>
    <controlfield tag="008">180312###########################0######</controlfield>
    <datafield tag="082" ind1="#" ind2="#">
      <subfield code="a">2x3.1-Suj-a</subfield>
    </datafield>
    <datafield tag="100" ind1="#" ind2="#">
      <subfield code="a">Drs. Dja'far Soedjarwo</subfield>
    </datafield>
    <datafield tag="245" ind1="1" ind2="#">
      <subfield code="a">AL Janibul Illahi</subfield>
    </datafield>
    <datafield tag="260" ind1="#" ind2="#">
      <subfield code="a">Surabaya :</subfield>
      <subfield code="b">Al-Ikhlas,</subfield>
      <subfield code="c">1993</subfield>
    </datafield>
    <datafield tag="300" ind1="#" ind2="#">
      <subfield code="a">xv,410 Hlm ;</subfield>
      <subfield code="c">22 Cm</subfield>
    </datafield>
    <datafield tag="850" ind1="#" ind2="#">
      <subfield code="a">BPAP</subfield>
    </datafield>
    <datafield tag="084" ind1="#" ind2="#">
      <subfield code="a">2x3.1-Suj-a DRS a</subfield>
    </datafield>
    <datafield tag="990" ind1="#" ind2="#">
      <subfield code="a">56785678</subfield>
    </datafield>
    <datafield tag="990" ind1="#" ind2="#">
      <subfield code="a">00092673</subfield>
    </datafield>
  </record>
</collection>
